<?xml version="1.0" encoding="UTF-8"?>
<collection xmlns="http://www.loc.gov/MARC21/slim">
 <record>
  <leader>02422cam a2200505  a4500</leader>
  <controlfield tag="001">1082572837</controlfield>
  <controlfield tag="003">DE-627</controlfield>
  <controlfield tag="005">20220430111931.0</controlfield>
  <controlfield tag="007">tu</controlfield>
  <controlfield tag="008">870227n19uuuuuuxx |||||      00| ||ger c</controlfield>
  <datafield tag="016" ind1="7" ind2=" ">
   <subfield code="a">551199121</subfield>
   <subfield code="2">DE-101</subfield>
  </datafield>
  <datafield tag="035" ind1=" " ind2=" ">
   <subfield code="a">(DE-627)1082572837</subfield>
  </datafield>
  <datafield tag="035" ind1=" " ind2=" ">
   <subfield code="a">(DE-576)012572837</subfield>
  </datafield>
  <datafield tag="035" ind1=" " ind2=" ">
   <subfield code="a">(DE-599)DNB551199121</subfield>
  </datafield>
  <datafield tag="040" ind1=" " ind2=" ">
   <subfield code="a">DE-627</subfield>
   <subfield code="b">ger</subfield>
   <subfield code="c">DE-627</subfield>
   <subfield code="e">rakwb</subfield>
  </datafield>
  <datafield tag="041" ind1=" " ind2=" ">
   <subfield code="a">ger</subfield>
  </datafield>
  <datafield tag="084" ind1=" " ind2=" ">
   <subfield code="a">9,10</subfield>
   <subfield code="2">ssgn</subfield>
  </datafield>
  <datafield tag="084" ind1=" " ind2=" ">
   <subfield code="a">LK 35600</subfield>
   <subfield code="2">rvk</subfield>
   <subfield code="0">(DE-625)rvk/97801:</subfield>
  </datafield>
  <datafield tag="084" ind1=" " ind2=" ">
   <subfield code="a">AL 53505</subfield>
   <subfield code="2">rvk</subfield>
   <subfield code="0">(DE-625)rvk/3692:590</subfield>
  </datafield>
  <datafield tag="245" ind1="1" ind2="4">
   <subfield code="a">Die Gebäude der Universität Heidelberg</subfield>
   <subfield code="c">hrsg. von Peter Anselm Riedl</subfield>
  </datafield>
  <datafield tag="250" ind1=" " ind2=" ">
   <subfield code="a">Separate Ausg.</subfield>
  </datafield>
  <datafield tag="264" ind1=" " ind2="1">
   <subfield code="a">Berlin [u.a.]</subfield>
   <subfield code="b">Springer</subfield>
   <subfield code="c">19XX-</subfield>
  </datafield>
  <datafield tag="336" ind1=" " ind2=" ">
   <subfield code="a">Text</subfield>
   <subfield code="b">txt</subfield>
   <subfield code="2">rdacontent</subfield>
  </datafield>
  <datafield tag="337" ind1=" " ind2=" ">
   <subfield code="a">ohne Hilfsmittel zu benutzen</subfield>
   <subfield code="b">n</subfield>
   <subfield code="2">rdamedia</subfield>
  </datafield>
  <datafield tag="338" ind1=" " ind2=" ">
   <subfield code="a">Band</subfield>
   <subfield code="b">nc</subfield>
   <subfield code="2">rdacarrier</subfield>
  </datafield>
  <datafield tag="500" ind1=" " ind2=" ">
   <subfield code="a">Teilausg. von: Semper apertus</subfield>
  </datafield>
  <datafield tag="689" ind1="0" ind2="0">
   <subfield code="d">b</subfield>
   <subfield code="0">(DE-588)2024349-2</subfield>
   <subfield code="0">(DE-627)102161488</subfield>
   <subfield code="0">(DE-576)191769517</subfield>
   <subfield code="a">Universität Heidelberg</subfield>
   <subfield code="2">gnd</subfield>
  </datafield>
  <datafield tag="689" ind1="0" ind2="1">
   <subfield code="d">s</subfield>
   <subfield code="0">(DE-588)4002851-3</subfield>
   <subfield code="0">(DE-627)104280352</subfield>
   <subfield code="0">(DE-576)208848975</subfield>
   <subfield code="a">Architektur</subfield>
   <subfield code="2">gnd</subfield>
  </datafield>
  <datafield tag="689" ind1="0" ind2="2">
   <subfield code="a">z</subfield>
   <subfield code="2">gnd</subfield>
   <subfield code="a">Geschichte</subfield>
  </datafield>
  <datafield tag="689" ind1="0" ind2=" ">
   <subfield code="5">(DE-627)</subfield>
  </datafield>
  <datafield tag="689" ind1="1" ind2="0">
   <subfield code="d">g</subfield>
   <subfield code="0">(DE-588)7614072-6</subfield>
   <subfield code="0">(DE-627)707853575</subfield>
   <subfield code="0">(DE-576)217052037</subfield>
   <subfield code="a">Alte Universität</subfield>
   <subfield code="g">Heidelberg</subfield>
   <subfield code="2">gnd</subfield>
  </datafield>
  <datafield tag="689" ind1="1" ind2="1">
   <subfield code="a">z</subfield>
   <subfield code="2">gnd</subfield>
   <subfield code="a">Geschichte</subfield>
  </datafield>
  <datafield tag="689" ind1="1" ind2=" ">
   <subfield code="5">(DE-627)</subfield>
  </datafield>
  <datafield tag="700" ind1="1" ind2=" ">
   <subfield code="a">Riedl, Peter Anselm</subfield>
   <subfield code="d">1930-2016</subfield>
   <subfield code="e">Hrsg.</subfield>
   <subfield code="0">(DE-588)119110962</subfield>
   <subfield code="0">(DE-627)079904335</subfield>
   <subfield code="0">(DE-576)162726848</subfield>
   <subfield code="4">edt</subfield>
  </datafield>
  <datafield tag="787" ind1="0" ind2="8">
   <subfield code="i">Rezension</subfield>
   <subfield code="a">Findeisen, Peter, 1941 - 2012</subfield>
   <subfield code="t">Peter Anselm Riedl (Hrsg.), Die Gebäude der Universität Heidelberg</subfield>
   <subfield code="d">1989</subfield>
   <subfield code="w">(DE-627)1475490976</subfield>
   <subfield code="w">(DE-576)405490976</subfield>
  </datafield>
  <datafield tag="936" ind1="r" ind2="v">
   <subfield code="a">LK 35600</subfield>
   <subfield code="b">Heidelberg (mit Heiligenberg)</subfield>
   <subfield code="k">Kunst nach Ländern bzw. Kontinenten</subfield>
   <subfield code="k">Deutschland</subfield>
   <subfield code="k">Kunsttopografie Deutschlands</subfield>
   <subfield code="k">Orte Deutschlands</subfield>
   <subfield code="k">Orte H</subfield>
   <subfield code="k">Heidelberg (mit Heiligenberg)</subfield>
   <subfield code="0">(DE-627)1270642243</subfield>
   <subfield code="0">(DE-625)rvk/97801:</subfield>
   <subfield code="0">(DE-576)200642243</subfield>
  </datafield>
  <datafield tag="936" ind1="r" ind2="v">
   <subfield code="a">AL 53505</subfield>
   <subfield code="b">Dotierung, Ausstattung, Gebäude</subfield>
   <subfield code="k">Hochschul- und Universitätswesen</subfield>
   <subfield code="k">Hochschulwesen einzelner Länder und einzelne Hochschulen</subfield>
   <subfield code="k">Hochschulen deutschsprachiger Länder</subfield>
   <subfield code="k">Hochschulen - Deutschland</subfield>
   <subfield code="k">Heidelberg</subfield>
   <subfield code="k">Universität</subfield>
   <subfield code="k">Dotierung, Ausstattung, Gebäude</subfield>
   <subfield code="0">(DE-627)1271865785</subfield>
   <subfield code="0">(DE-625)rvk/3692:590</subfield>
   <subfield code="0">(DE-576)201865785</subfield>
  </datafield>
  <datafield tag="951" ind1=" " ind2=" ">
   <subfield code="a">MC</subfield>
  </datafield>
  <datafield tag="990" ind1=" " ind2=" ">
   <subfield code="a">Universität Heidelberg</subfield>
  </datafield>
  <datafield tag="990" ind1=" " ind2=" ">
   <subfield code="a">Architektur</subfield>
  </datafield>
  <datafield tag="990" ind1=" " ind2=" ">
   <subfield code="a">Geschichte</subfield>
  </datafield>
  <datafield tag="990" ind1=" " ind2=" ">
   <subfield code="a">Alte Universität</subfield>
  </datafield>
  <datafield tag="990" ind1=" " ind2=" ">
   <subfield code="a">Geschichte</subfield>
  </datafield>
  <datafield tag="991" ind1=" " ind2=" ">
   <subfield code="a">Rezensiertes Werk</subfield>
  </datafield>
  <datafield tag="999" ind1=" " ind2=" ">
   <subfield code="a">KXP-PPN1082572837</subfield>
   <subfield code="e">4193666840</subfield>
  </datafield>
 </record>
</collection>
